MARC details
| 000 -LEADER |
| fixed length control field |
03357nam a22005058i 4500 |
| 001 - CONTROL NUMBER |
| control field |
BDZ0057076062 |
| 003 - CONTROL NUMBER IDENTIFIER |
| control field |
StDuBDS |
| 005 - DATE AND TIME OF LATEST TRANSACTION |
| control field |
20250625101435.0 |
| 006 - FIXED-LENGTH DATA ELEMENTS--ADDITIONAL MATERIAL CHARACTERISTICS |
| fixed length control field |
m|||||o||d|||||||| |
| 007 - PHYSICAL DESCRIPTION FIXED FIELD--GENERAL INFORMATION |
| fixed length control field |
cr ||||||||||| |
| 008 - FIXED-LENGTH DATA ELEMENTS--GENERAL INFORMATION |
| fixed length control field |
250306s2025 enka fob 001|0 eng|d |
| 020 ## - INTERNATIONAL STANDARD BOOK NUMBER |
| International Standard Book Number |
9781040403518 (ePub ebook) : |
| Terms of availability |
55.00 |
| 040 ## - CATALOGING SOURCE |
| Original cataloging agency |
StDuBDS |
| Language of cataloging |
eng |
| Description conventions |
rda |
| -- |
pn |
| Transcribing agency |
StDuBDS |
| Modifying agency |
StDuBDSZ |
| 050 #4 - LIBRARY OF CONGRESS CALL NUMBER |
| Classification number |
KD1641 |
| Item number |
.L8 2025 |
| 072 #7 - SUBJECT CATEGORY CODE |
| Subject category code |
HOU |
| Source |
ukslc |
| 072 #7 - SUBJECT CATEGORY CODE |
| Subject category code |
TD |
| Source |
bicssc |
| 072 #7 - SUBJECT CATEGORY CODE |
| Subject category code |
AMD |
| Source |
bicssc |
| 072 #7 - SUBJECT CATEGORY CODE |
| Subject category code |
TN |
| Source |
bicssc |
| 072 #7 - SUBJECT CATEGORY CODE |
| Subject category code |
TD |
| Source |
thema |
| 072 #7 - SUBJECT CATEGORY CODE |
| Subject category code |
AMD |
| Source |
thema |
| 072 #7 - SUBJECT CATEGORY CODE |
| Subject category code |
TN |
| Source |
thema |
| 082 04 - DEWEY DECIMAL CLASSIFICATION NUMBER |
| Classification number |
692.80941 |
| Edition number |
23 |
| 100 1# - MAIN ENTRY--PERSONAL NAME |
| Personal name |
Lupton, Sarah, |
| Relator term |
author. |
| 245 10 - TITLE STATEMENT |
| Title |
Guide to JCT Minor Works Building Contract 2024 |
| Statement of responsibility, etc. |
Sarah Lupton, Manos Stellakis. |
| Medium |
[electronic resource] |
| 263 ## - PROJECTED PUBLICATION DATE |
| Projected publication date |
202504 |
| 264 #1 - PRODUCTION, PUBLICATION, DISTRIBUTION, MANUFACTURE, AND COPYRIGHT NOTICE |
| Place of production, publication, distribution, manufacture |
London : |
| Name of producer, publisher, distributor, manufacturer |
RIBA Publishing, |
| Date of production, publication, distribution, manufacture, or copyright notice |
2025. |
| 300 ## - PHYSICAL DESCRIPTION |
| Extent |
1 online resource (176 pages) : |
| Other physical details |
illustrations (black and white) |
| 336 ## - CONTENT TYPE |
| Content type term |
text |
| Source |
rdacontent |
| 336 ## - CONTENT TYPE |
| Content type term |
still image |
| Source |
rdacontent |
| 337 ## - MEDIA TYPE |
| Media type term |
computer |
| Source |
rdamedia |
| 338 ## - CARRIER TYPE |
| Carrier type term |
online resource |
| Source |
rdacarrier |
| 366 ## - TRADE AVAILABILITY INFORMATION |
| Detailed date of publication |
20250401 |
| Availability status code |
In stock |
| 504 ## - BIBLIOGRAPHY, ETC. NOTE |
| Bibliography, etc. note |
Includes bibliographical references and index. |
| 505 0# - FORMATTED CONTENTS NOTE |
| Formatted contents note |
Foreword About the Authors About this Guide 1. About MW24 2. Documents 3. Obligations of the contractor 4. Commencement and completion 5. Control of the works 6. Sums properly due 7. Certification 8. Indemnity and insurance 9. Termination 10. Dispute resolution References Clause index for MW24 Clause index for MWD24 Subject index |
| 520 8# - SUMMARY, ETC. |
| Summary, etc. |
The latest edition of the JCT guide series provides an indispensable resource for architects navigating the JCT Minor Works Contract suite 2024. It offers a clear, practical breakdown of every provision, procedure and supplementary condition, comparing obligations under both the Minor Works and Minor Works with Contractor's Design contracts.This guide equips you to handle on-site contractual challenges with confidence, supported by the latest case law and legislative updates.Key features of the 2024 edition: Detailed analysis of the JCT Minor Works Building Contract 2024, explaining every update. Coverage of recent legislative changes, including the Building Safety Act, Building Regulations Part 2A and Procurement Act 2023. Case law updates on key topics, such as design liability, concurrent delay, practical completion, liquidated damages and more. Comparative insights on NEC4 and RIBA Building Contracts, offering broader context for contract administration. New figures and tables, designed to enhance clarity and usability. Whether you're an experienced architect or a student preparing for exams, this guide is designed to save you time and ensure you stay informed and compliant. With its easy-to-follow structure and expert analysis, it's an essential tool for successfully managing JCT contracts. |
| 588 ## - SOURCE OF DESCRIPTION NOTE |
| Source of description note |
Description based on CIP data; resource not viewed. |
| 650 #0 - SUBJECT ADDED ENTRY--TOPICAL TERM |
| Topical term or geographic name entry element |
CONSTRUCTION CONTRACTS |
| 650 #0 - SUBJECT ADDED ENTRY--TOPICAL TERM |
| Topical term or geographic name entry element |
EBOOK |
| 650 #7 - SUBJECT ADDED ENTRY--TOPICAL TERM |
| Topical term or geographic name entry element |
ENGINEERING |
| 700 1# - ADDED ENTRY--PERSONAL NAME |
| Personal name |
Stellakis, Manos, |
| Relator term |
author. |
| 710 2# - ADDED ENTRY--CORPORATE NAME |
| Corporate name or jurisdiction name as entry element |
Joint Contracts Tribunal, |
| Relator term |
associated with work. |
| 776 08 - ADDITIONAL PHYSICAL FORM ENTRY |
| Relationship information |
Print version : |
| International Standard Book Number |
9781915722775 |
| 856 40 - ELECTRONIC LOCATION AND ACCESS |
| Uniform Resource Identifier |
<a href="https://www.vlebooks.com/product/openreader?id=RICS&accId=9491556&isbn=9781040403518">https://www.vlebooks.com/product/openreader?id=RICS&accId=9491556&isbn=9781040403518</a> |
| Public note |
Available on VLeBooks (email [email protected] if you do not have a login) |
| 942 ## - ADDED ENTRY ELEMENTS (KOHA) |
| Source of classification or shelving scheme |
Dewey Decimal Classification |